000 00711nam a2200217 i 4500
001 129242
003 ES-MaACL
005 20230906193450.0
007 t|
008 070611s1979 sp ||||1| spa d
080 _a914.6(075.8)
100 1 _aTerán, Manuel de.
_9109726
245 1 0 _aGeografía general de España /
_cdirigida por M. de Terán y L. Solé Sabarís.
250 _a[1ª ed.].
260 _aBarcelona :
_bAriel,
_c[1979]
300 _a2 v. :
_bil. ;
_c23 cm.
505 8 _aContiene: v. I. Geografía gereral de España.-- v. II. Geografía regional de España
651 0 4 _aEspaña-
_xGeografía.
_98200
700 1 _aSolé Sabarís, L.
_9107131
852 _aES-MaACL
_jL-130-1
_bR.100979
999 _c129242
_d129242